[Event "Muensterland Verbandsklasse-A 1112"]
[Site "Germany"]
[Date "2012.03.10"]
[Round "7.7"]
[White "Stephan, Matthias"]
[Black "Ridder, Hans Peter"]
[Result "1-0"]
[WhiteElo "1678"]
[BlackElo "1675"]
[PlyCount "65"]
[EventDate "2011.09.17"]
[EventType "team-tourn"]
[EventRounds "9"]
[EventCountry "GER"]
[SourceTitle "EXT 2013"]
[Source "ChessBase"]
[SourceDate "2012.11.22"]
[SourceVersion "1"]
[SourceVersionDate "2012.11.22"]
[SourceQuality "1"]
[WhiteTeam "Telgte"]
[BlackTeam "Borken"]
[WhiteTeamCountry "GER"]
[BlackTeamCountry "GER"]

1. d4 e6 2. c4 f5 3. Bf4 d6 4. Nf3 Nf6 5. Nc3 Be7 6. e3 0-0 7. Bd3 d5 8. 0-0 Ne4 9. Rc1 c6 10. cxd5 exd5 11. Nd2 Bd6 12. Be5 Qe7 13. Bxd6 Qxd6 14. f3 Nf6 15. Kh1 Re8 16. e4 dxe4 17. fxe4 Qxd4 18. Nf3 Qb4 19. e5 Ng4 20. Qe2 Qa5 21. Bc4+ Kh8 22. Ng5 g6 23. e6 Kg7 24. h3 Ne5 25. b4 Qc7 26. Bb3 h6 27. Nb5 Qe7 28. Qxe5+ Kg8 29. Nc7 hxg5 30. Nxe8 Qxe8 31. Qf6 Na6 32. e7+ Kh7 33. Bf7 1-0